[Event "Olympiad-41"]
[Site "Tromsoe"]
[Date "2014.08.05"]
[Round "4.1"]
[White "Jobava, Baadur"]
[Black "Leon Hoyos, Manuel"]
[Result "1-0"]
[WhiteElo "2713"]
[BlackElo "2517"]
[Annotator "Marin,M"]
[PlyCount "71"]
[EventDate "2014.08.02"]
[EventType "team-swiss"]
[EventRounds "11"]
[EventCountry "NOR"]
[SourceTitle "CBM 162"]
[Source "ChessBase"]
[SourceDate "2014.09.17"]
[SourceVersion "1"]
[SourceVersionDate "2014.09.17"]
[SourceQuality "1"]
[WhiteTeam "Georgia"]
[BlackTeam "Mexico"]
[WhiteTeamCountry "GEO"]
[BlackTeamCountry "MEX"]

1. Nf3 g6 2. c4 c5 3. g3 Bg7 4. Bg2 Nc6 5. Nc3 d6 $5 {Preparing the solid ...
e7-e6 with this move seems to become fashionable.} ({Once favoured by Fischer,
} 5... e6 6. d3 Nge7 {has the abstract drawback that it defines Black's
intentions too soon, allowing such radical actions as} 7. h4 $5 {Radjabov,T 
(2744)-Ivanchuk,V (2768) Khanty-Mansiysk 2011 CBM 145 [Moradiabadi] (1-0, 28)})
6. O-O e6 7. a3 {Sticking to hyper-modern opening play.} (7. e3 {is the most
popular variation, but its merits are debatable.} Nge7 8. d4 O-O 9. d5 Na5 10.
Nd2 exd5 11. cxd5 {If compared with the similar variations of the Yugoslav
King's Indian, e2-e3 is mainly a loss of time. On the other hand, the knight
does not stand that well on e7, but concretely Black seems to be doing fine.}
Rb8 12. a4 a6 13. Qc2 b5 14. axb5 axb5 15. e4 b4 16. Nd1 Ba6 17. Re1 c4 $2 (
17... Bb5 $1 $132) 18. Qa4 Rb5 19. Nxc4 $16 {Wang,Y (2723)-Grischuk,A (2783)
Beijing blitz 2013 (0-1, 39)}) 7... Nge7 (7... a5 {would weaken b5, making the
central plan more effective.} 8. e3 Nge7 9. d4 O-O 10. d5 (10. dxc5 dxc5 11.
Qc2 $14 {[%csl Gb5]}) 10... exd5 11. cxd5 $14 {[%csl Rb5][%cal Rc6a5]}) 8. b4
$1 {The most energetic move order.} ({If} 8. Rb1 {Black could already consider}
a5 $5) 8... O-O (8... cxb4 9. axb4 Nxb4 10. Ba3 {looks too dangerous for Black,
due to his delay in development and his weaknesses on the dark squares..} Nbc6
(10... Nec6 11. Qa4 Na6 (11... a5 12. Bxb4 {[%cal Ga4e8,Ga4a8]} axb4 13. Qxa8
bxc3 14. dxc3 Bxc3 15. Rab1 $16) 12. Ng5 $5 {[%cal Gg2c6,Gg5e4]}) 11. Ne4 O-O (
11... Nf5 12. Nh4 $1 Bf8 13. Nxf5 gxf5 14. Bb2 e5 15. Nc3 $14) 12. Nxd6 Nf5 (
12... Bxa1 13. Qxa1 f6 14. Rb1 $44 {/+/=}) 13. Nxf5 exf5 14. d4 Re8 15. e3 $16
{Iturrizaga Bonelli,E (2628)-Hernandez,J (2288) Erts La Massana 2012 (1-0, 31)}
) ({The typical tactical operation} 8... Nxb4 $146 9. axb4 cxb4 {does not seem
to work out too well here:} 10. Qa4+ Nc6 11. Nb5 Bxa1 12. Qxa1 O-O 13. d4 f6
14. Bh6 Rf7 15. d5 $36) 9. Rb1 b6 {Admittedly, this game had a most peaceful 
(and, if I had not been playing the English for a dozen of years, I would add
"boring") start. But the end will be by far the most exciting part of it!} ({If
} 9... Rb8 {the pawn sacrifice} 10. Bb2 {seems to work a bit better than in
the similar line given in the next comment.} cxb4 11. axb4 Nxb4 12. Nb5 {
[%csl Ga7]} Nbc6 13. Bxg7 Kxg7 14. Qc1 a6 {[%csl Gb6]} 15. Nc3 d5 16. d3 dxc4
17. dxc4 $44 {Almasi,Z (2689)-Dominguez Perez,L (2723) Havana 2013 (1/2-1/2,
37). White surely has compensation for the pawn, but not more than that.}) 10.
Nb5 $5 {An interesting move. Black has developed very flexibly, but there is a
hidden weakness in his camp on f6. The last move prepares Bb2, which will
confront Black with a difficult choice.} ({The alternate move order based on} 
10. Bb2 {hoping for Bb5 actually loses a pawn to} cxb4 11. axb4 Nxb4 12. Ne4 (
12. Nd4 d5 13. Ba3 a5) 12... e5 $5 13. d3 a5 14. Qd2 Bb7 {Black has completed
his development and is a pawn up.} 15. Ba3 d5 16. cxd5 Nexd5 $17 {Radjabov,T 
(2745)-Svidler,P (2769) Stavanger 2013 (0-1, 54)}) ({The most popular plan is
the flexible} 10. e3 {for instance} Bb7 11. Qe2 Qd7 12. Rd1 Rac8 13. bxc5 dxc5
14. Bb2 Rfd8 15. d3 {Granda Zuniga,J (2664)-Leko,P (2744) Tromso 2013 CBM 156 
[Ftacnik,L] (1-0, 63)}) ({The untested} 10. b5 $6 {would not achieve anything
positive after} Na5 {There is no effective way to deliver a discovered attack
against the a8-rook and the c4-pawn is likely to become a weakness after a
later ...d6-d5.}) 10... Bb7 ({If} 10... a6 11. Nc3 {Black may later regret
having weakened the b6-square.} (11. Qa4 Bb7 12. Nc3 b5 $1 $36) {However, I do
not see dangers afetr} 11... Rb8 12. bxc5 bxc5 13. Rxb8 Nxb8) (10... d5 11.
bxc5 bxc5 12. Nc3 Ba6 13. cxd5 exd5 {Durarbeyli,V (2597)-Alekseev,E (2700)
Legnica 2013 (0-1, 40)} 14. Qa4 Qc8 15. Nb5 Qb7 16. d3 Rfb8 17. Nc3 Qc8 18. Bd2
c4 19. Rfc1 $5) 11. Bb2 {Due to the hesitation on the previous move, Black
faces a difficult choice now.} e5 $6 {It is understandable that Black does not
wish to exchange the bishop, since this would only increase the weakness of
the f6-square. But in this case the remedy is worse than the problem itself,
because the d5-square becomes chronically weak.} (11... f6 $5 12. d4 $14 a6 13.
Nc3 cxb4 14. axb4 Nxb4 15. d5 exd5 (15... e5 16. Ba3 $14) 16. Nd4 $36) (11...
Rb8 12. Bxg7 Kxg7 13. e3 (13. d4 a6 14. Nc3 cxd4 15. Nxd4 Ne5 {[%csl Gc4]})
13... Qd7 14. Qc2 $14) 12. bxc5 bxc5 (12... dxc5 $2 13. Nxe5 $16 {[%cal Gg2b7]}
) 13. d3 $146 {Strictly speaking, this is a novelty, but play has the same
character as in a previously played game.} (13. Ba1 Rb8 14. d3 a6 15. Nc3 Qc7
16. Nd2 Nd4 17. Bxb7 Rxb7 18. Qa4 Rfb8 19. Rxb7 Rxb7 {Durarbeyli,V (2543)
-Kovchan,A (2598) Cappelle la Grande 2012 (1/2-1/2, 22)} 20. e3 Ndc6 21. Nd5
$14) 13... Qd7 14. Nd2 f5 15. Ba1 Rab8 16. Qa4 Ba8 17. Nc3 Rbc8 18. Nd5 {
If we were to predict the future course of events, the most plausible
description would be: White attacks on the queenside and in the centre, Black
prepares his counterplay on the opposite wing. Well, this is correct... up to
a certain point only! The strong outpost on d5 allows White to play over the
whole board.} g5 (18... f4 {would prematurely weaken another light square:} 19.
Nxe7+ Qxe7 20. Bd5+ Kh8 21. Ne4 {With strong pressure.}) 19. e3 Ng6 {And now
we might think that Black's play acquires more effective forms than White's...
This must be what Baadur felt, too since he now completely changes the
direction of his attack.} 20. Qd1 $3 {Threatening the nasty Qh5.} g4 21. f3 h5
22. fxg4 hxg4 23. h3 $1 Nce7 (23... gxh3 24. Bxh3 $18 {[%cal Gd1h5]}) 24. hxg4
fxg4 25. Qe2 {Black has managed to keep a pawn on g4, but has weakened the
e4-square and his king's position.} Kh8 $6 {Leon prepares some unclear attack
involving the g-file, but overlooks the fact that his king is vulnerable on
the open h-file.} (25... Nxd5 26. cxd5 Ne7 27. e4 $16 {[%csl Ra8,Rd6,Re7,Rg4]
[%cal Gd2c4]}) 26. Be4 $1 {Threatening Qh2+ followed by Kg2 and Rh1.} Bxd5 27.
cxd5 Rxf1+ 28. Nxf1 $1 {Bringing the knight closer to the weak g4-pawn.} Bh6
29. Nh2 Rg8 30. Nxg4 Nh4 {A desperate atempt to complicate matters. Black
might have planned all this attack when putting his king in the corner. There
should be more than one winning move by now, but Jobava's is the most elegant
and probably strongest, too.} 31. Nxe5 $1 {Until now, Black might have hoped
that the a1-bishop would stay out of play. Not any more!} Rxg3+ (31... dxe5 32.
Bxe5+ {leads to decisive attack:} Rg7 (32... Bg7 33. Qh5# {leads to a nice
mating pattern.}) 33. Rb8+ Nc8 34. Qh5 {Black's helplessness is illustrated by
the fact that he cannot defend the h6-bishop!!}) 32. Kf2 Qh3 {Black has
managed to mass up an impressive number of pieces around the white king. By
contrast, White will atack the enemy king with checks from the distance.} 33.
Rb8+ Nc8 34. Rxc8+ Kg7 35. Nc6+ Kf7 36. Qh5+ 1-0

[Event "Metz op 31th"]
[Site "Metz"]
[Date "2013.07.24"]
[Round "7"]
[White "Lagarde, Maxime"]
[Black "Aguettaz, Maxime"]
[Result "1-0"]
[WhiteElo "2532"]
[BlackElo "2412"]
[Annotator "Metz Alekhine/Primel,D"]
[PlyCount "34"]
[EventDate "2013.04.20"]
[EventType "swiss"]
[EventRounds "9"]
[EventCountry "FRA"]
[SourceTitle "EXT 2016"]
[Source "ChessBase"]
[SourceDate "2015.10.08"]
[SourceVersion "1"]
[SourceVersionDate "2015.10.08"]
[SourceQuality "1"]
[TimeControl "40/5400:1800+30"]
[WhiteClock "1:30:00"]
[BlackClock "1:30:00"]

1. c4 g6 2. Nc3 Bg7 3. g3 (3. d4 Nf6 4. g3 {Aurait transposé dans une
Est-Indienne}) 3... c5 4. Bg2 Nc6 5. b3 {Une ligne secondaire dans cette
anglaise} (5. e3 e6 6. Nge2 Nge7 {[%cal Gd7d5]}) 5... Nf6 (5... Bxc3 $5 {
Il y a eu très peu de parties avec cet échange intéressant} 6. dxc3 Qa5 (
6... Nf6 7. Nf3 d5) (6... e6 7. Nh3 h5 8. Nf4 h4) 7. Bd2 Nf6 8. Nh3 $1 $14 {
[%csl Gd5][%cal Gh3f4,Gf4d5] ;Marangunic,S (2495)-Barle,J (2420) Bled/Portoroz
1979 0-1}) 6. Bb2 O-O 7. d3 d6 8. e3 e5 9. Nge2 Be6 10. Nd5 $146 (10. O-O {
Domnick,A (2245)-Dehne Niemann,J Klinge-ch U20 1997 0-1}) 10... Bxd5 11. cxd5
Ne7 12. e4 Nd7 {[%cal Gf7f5]} 13. g4 $1 {[%csl Gf5]} (13. Nc3 f5 14. Nb5 Qa5+)
13... f5 (13... Kh8 14. h4 {[%cal Gh4h5,Gh1h8,Gd1d2]}) (13... b5 $5 {Plus
souple que la poussée f5 qui serait plus forte après le oo des Blancs} 14.
Qd2 Rc8 {[%cal Gc5c4]} 15. h4 c4 16. dxc4 bxc4 17. h5 (17. Ng3 {[%csl Gf5]}))
14. gxf5 gxf5 15. Bh3 $1 {[%cal Gh3e6]} fxe4 16. dxe4 Ng6 17. Nc3 Nf6 {Suite
illsible et gain Blanc au 39ème coup} 1-0

[Event "Metz op 31th"]
[Site "Metz"]
[Date "2013.04.23"]
[Round "6"]
[White "Bauer, Christian"]
[Black "Lagarde, Maxime"]
[Result "1-0"]
[WhiteElo "2637"]
[BlackElo "2532"]
[Annotator "Metz Alekhine/Primel,D"]
[PlyCount "79"]
[EventDate "2013.04.20"]
[EventType "swiss"]
[EventRounds "9"]
[EventCountry "FRA"]
[SourceTitle "EXT 2016"]
[Source "ChessBase"]
[SourceDate "2015.10.08"]
[SourceVersion "1"]
[SourceVersionDate "2015.10.08"]
[SourceQuality "1"]
[TimeControl "40/5400:1800+30"]
[WhiteClock "1:30:00"]
[BlackClock "1:30:00"]

1. c4 c5 2. Nc3 Nc6 3. g3 g6 4. Bg2 Bg7 5. b3 d6 (5... Bxc3 $5 6. dxc3 Qa5 7.
Bd2 Nf6 8. Nh3 d6 9. Nf4 h5 $13 {Marangunic,S (2495)-Barle,J (2420) Bled/
Portoroz 1979 0-1}) 6. Bb2 e6 (6... e5 {La grande ligne}) 7. Bxc6+ {Un choix
un peu curieux car les Blancs ne peuvent pas jouer Qa4 attaquant la faiblesse
"c6"} (7. e3 Nge7 {Meijers,V (2474)-Dobierzin,O (2060) Bad Harzburg op 13th
2012 (3) 1-0}) 7... bxc6 8. d3 Ne7 9. Qd2 e5 10. O-O-O $5 O-O 11. Kb1 (11. h4)
11... Be6 12. e4 Nc8 $6 {[%csl Rc8] Accentue le retard de développement des
Noirs car le plan Nb6 pour soutenir la poussée a5a4 est très lent.} 13. f4 f6
14. h3 Nb6 15. Nf3 $32 a5 16. a4 $1 Rb8 17. Kc2 $146 (17. Ka2 Na8 18. Ne2 Qb6
19. Nc1 Nc7 20. Bc3 Ra8 21. fxe5 fxe5 22. Rdf1 Bf7 23. Rf2 Ne6 24. Rhf1 Nd4 25.
Ng5 Bh6 26. Rf6 Rab8 27. Bxd4 cxd4 28. h4 Qc7 29. Qf2 Bxg5 30. hxg5 d5 31. Qh2
Be6 32. Rxf8+ Rxf8 33. Rxf8+ Kxf8 34. Qf2+ Qf7 35. Qe1 Qc7 36. Kb2 Ke8 37. Ne2
Kd7 38. Qh1 Kd6 39. Nc1 Qf7 40. Qe1 Qc7 41. Kc2 Bg4 42. Qf1 Qe7 43. Qe1 Qc7 44.
Qh1 Qf7 45. Qe1 Qc7 46. Qh1 Be6 {Larsen,B (2620)-Olafsson,F (2570) Ribe 1973 1/
2-1/2}) 17... Rf7 18. Rb1 Rfb7 19. Ba1 (19. Ne2 Na8 20. Bc3 {Aurait gagné un
tempo par rapport à la partie}) 19... Na8 $1 {[%cal Ga8c7,Gc7a6,Ga6b4]} 20.
Ne2 Nc7 21. Bc3 Qd7 22. g4 Na6 23. f5 Bf7 24. Bxa5 Nb4+ (24... d5 $5 {[%csl
Rc2]}) 25. Bxb4 Rxb4 26. Qe3 d5 $132 27. Nd2 {[%cal Gd2c4,Gd2b3]} d4 {la
fermeture du centre doit avantager les N et il semblait plus logique de
laisser la tension au centre.} 28. Qf2 Qd8 29. fxg6 hxg6 30. h4 Bh6 $2 31. g5
$1 fxg5 32. Nf3 {[%csl Re5,Rg5]} Qe7 33. hxg5 Bg7 34. Qh2 $36 Kf8 35. Qh7 Bxc4
$2 $138 36. dxc4 d3+ 37. Kxd3 Rxb3+ 38. Rxb3 Rxb3+ 39. Nc3 Qf7 40. Rf1 1-0

[Event "RUS Cup final 6th"]
[Site "Nefteyugansk"]
[Date "2002.10.10"]
[Round "6"]
[White "Prokopchuk, Evgeny"]
[Black "Pridorozhni, Aleksei"]
[Result "0-1"]
[WhiteElo "2513"]
[BlackElo "2475"]
[Annotator "Milov,V"]
[PlyCount "56"]
[EventDate "2002.10.06"]
[EventType "tourn"]
[EventRounds "11"]
[EventCountry "RUS"]
[EventCategory "11"]
[SourceTitle "CBM 092"]
[Source "ChessBase"]
[SourceDate "2003.02.06"]
[SourceVersion "1"]
[SourceVersionDate "2003.02.06"]
[SourceQuality "1"]

1. e4 c5 2. Nf3 e6 3. c4 Nc6 4. Nc3 (4. d4 cxd4 5. Nxd4 Bb4+ 6. Bd2 Be7 $13)
4... Nd4 $5 (4... e5 5. Bd3 g6 6. Bc2 Bg7 7. O-O Nge7 8. d3 O-O $11) (4... Nf6
5. Be2 Qb6 6. O-O Be7 7. a3 O-O 8. b4 d6 9. Rb1 Qc7 10. d4 cxd4 11. Nxd4 $14 {
Rublevsky-Polgar, RUS vs. ROW, Moscow RUS, 2002, 1-0 (49)}) 5. Nxd4 (5. d3 Ne7
6. g3 Nec6 7. Bg2 g6 8. O-O Nxf3+ 9. Bxf3 Bg7 10. Be3 d6 11. Qd2 O-O 12. Bg2
Rb8 13. Rab1 a6 14. f4 f5 $11 {Malakhov-Kveinys, Open, Capelle la Grande FRA,
1999, 1-0 (39)}) 5... cxd4 6. Ne2 e5 (6... Qb6 7. Ng3 Ne7 8. Be2 Ng6 9. Nh5 d3
10. Bxd3 Bc5 11. O-O O-O 12. Ng3 d6 13. Rb1 a5 14. Be2 Ne5 15. d3 Bd7 16. b3
Qa7 17. Bb2 $16 {Rublevsky-Mensch, EUCup Gr5Vilnius, 1995, 1-0 (42)}) 7. g3 g6
8. Bg2 Bg7 9. O-O Ne7 10. b4 $6 {White grasps the space on the queenside.
Probably, it was better to play on the kingside.} (10. d3 d6 11. f4 O-O 12. Bd2
$11) 10... O-O 11. d3 d6 12. a4 Be6 13. a5 b5 $5 (13... Rb8 14. f4 f5 15. fxe5
dxe5 16. b5 $13) 14. axb6 (14. cxb5 $6 Bd7 15. b6 axb6 16. Bd2 bxa5 17. bxa5
Nc6 18. Qe1 Ra6 19. f4 Qe7 $15) 14... axb6 15. Rxa8 (15. Bd2 $6 b5 16. cxb5 Qb6
17. Ra5 Rxa5 18. bxa5 Qxb5 $15) 15... Qxa8 16. b5 Qa2 $1 $15 17. Bd2 Ra8 18.
Bb4 $6 (18. f4 $142 Ra7 (18... Ra4 $6 19. Nc1 Qa3 20. g4 $1 $14) 19. Bb4 Bg4
20. Re1 exf4 (20... Nc8 $6 21. Nc3 $1 Bxd1 22. Nxa2 Bc2 23. Nc1 Ra4 24. Bd2 $11
) 21. gxf4 Qb2 22. Bxd6 Nc8 (22... Ra2 $2 23. Bxe7 Bxe2 24. Rxe2 $1 Qxe2 25.
Qxe2 Rxe2 26. Bd8 Rd2 27. Bf1 $1 Bh6 28. Bxb6 Bxf4 29. Bxd4 Bxh2+ 30. Kh1 Bf4
31. b6 $16 {Black`s position is very difficult because of the advanced pawns
supported by two bishops.}) 23. Be5 Bxe5 24. fxe5 Ra2 25. Bf1 Qa3 $44 {Black
active pieces fully compensate the sacrificed pawn.}) 18... Qb2 $1 19. Qe1 (19.
Bxd6 $6 Nc8 20. Bc7 Ra7 21. Bd8 f6 {the bishop got lost...} 22. f4 Bg4 23. Re1
Rd7 24. h3 Bxe2 25. Rxe2 Qb4 26. fxe5 Rxd8 27. exf6 Bxf6 28. e5 Bg5 29. Bd5+
Kg7 $19) 19... Ra4 $1 20. Bxd6 $8 Nc8 21. Bc7 f6 $17 {Not allowing the bishop
out.} (21... Bxc4 $5 22. dxc4 Rxc4 $17) 22. f4 $6 (22. Bd8 $5 Qa3 23. Qd1 Ra7
24. f4 Qd6 25. fxe5 Qxd8 26. Nf4 Bd7 27. e6 Be8 28. Nd5 $44) 22... Ra2 {
black pieces become very active.} 23. fxe5 ({Does not help} 23. f5 Bd7 24. Bf3
Ra7 25. Bd8 Qa3 26. fxg6 hxg6 27. Bg2 Qf8 28. Bxf6 Bxf6 29. Nxd4 Ra3 $17) 23...
fxe5 24. Bf3 Qa3 $1 {Threatening to catch bishop by means of Qe7.} 25. Bd8 $6 (
25. Qb1 Rd2 26. Rd1 Rxd1+ 27. Qxd1 Qe7 28. Bb8 Qb7 29. Nxd4 exd4 $17) 25... Bh6
$1 {The bishop joins the attack.} (25... Qxd3 $4 26. Nc1 $16) 26. Qb1 Bh3 27.
Rd1 Be3+ 28. Kh1 Qf8 $1 0-1

[Event "Julian Borowski-A 2nd"]
[Site "Essen"]
[Date "2000.05.05"]
[Round "8"]
[White "Milov, Vadim"]
[Black "Sutovsky, Emil"]
[Result "1-0"]
[WhiteElo "2653"]
[BlackElo "2597"]
[Annotator "Milov,V"]
[PlyCount "77"]
[EventDate "2000.04.27"]
[EventType "tourn"]
[EventRounds "9"]
[EventCountry "GER"]
[EventCategory "15"]
[SourceTitle "CBM 077"]
[Source "ChessBase"]
[SourceDate "2000.07.27"]
[SourceVersion "1"]
[SourceVersionDate "2000.07.27"]
[SourceQuality "1"]

1. c4 g6 2. Nc3 c5 3. g3 Bg7 4. Bg2 Nc6 5. e4 d6 6. Nge2 e5 7. d3 Nge7 8. O-O
O-O 9. a3 f5 (9... a6) 10. exf5 Bxf5 (10... gxf5 11. f4) 11. h3 Be6 12. Ne4 h6
13. Rb1 Qd7 14. Kh2 a5 15. Bd2 (15. b3 b6 {/\d5}) 15... b6 (15... a4 16. b4 $14
) 16. b4 axb4 17. axb4 cxb4 18. Bxb4 Nxb4 19. Rxb4 d5 (19... Ra6 20. N4c3 $14)
20. N4c3 $1 Rab8 (20... Rad8 21. Qb3 dxc4 22. dxc4 Nc6 $140 $2 23. Rxb6 Na5 24.
Qb5 Nxc4 25. Qxd7 Bxd7 26. Bd5+) 21. cxd5 (21. Qb3 Nc6 22. Rxb6 dxc4 23. Qb5
Rxb6 24. Qxb6 cxd3 $1 25. Bxc6 dxe2) (21. Qa4 Qxa4 22. Nxa4 Bf5 $13) 21... Nxd5
22. Nxd5 Bxd5 23. Bxd5+ Qxd5 24. Nc3 Qf3 (24... Qc5 25. Qb3+) 25. Ne4 $14 {
><Bg7} b5 $6 (25... Qxd1 26. Rxd1 b5 27. Kg2 (27. Rdb1 Rfd8) 27... Rfd8 28. Nc3
Rbc8 (28... Rd4 $5 29. Rxb5 Rbd8) (28... Bf8 29. Rxb5 Rxb5 30. Nxb5 Bb4 31. Rb1
Bc5 32. Rc1 Be7 33. Rc3 Bb4 34. Rb3 Bc5 35. Na3 Rf8 36. f3 $16) 29. Nxb5 Rc2
30. d4 Rf8 31. Rf1 e4 32. Kg1 Rf3 33. Kg2 $11) 26. Qb3+ Kh7 (26... Qf7 27. Qb1
(27. Rb1 Qxb3 28. R1xb3 Rfd8) 27... Qd5 28. Rc1 $16) 27. Re1 (27. Rxb5 $142
Rbd8 (27... Rxb5 28. Qxb5 Qe2 29. Kg1 Rd8 30. Nc5) 28. Rd1 (28. Rd5 Qf7) 28...
Qe2 29. Kg1 $16) 27... Qf7 28. Qb1 $1 $16 Qd5 29. Rc1 Rf3 (29... Rfd8 30. Rc3
$16 {/\h4,Rcb3}) 30. Rc3 Rbf8 31. Kg1 Rxf2 $2 (31... Qd7 32. h4 $16 (32. Qf1
Rd8)) 32. Nxf2 Qf3 33. Qf1 e4 34. Rc1 $18 exd3 35. Qg2 Qe3 36. Rd1 Qe2 37. Rf4
(37. Re4 $2 Rxf2 $1) 37... Rd8 (37... Rxf4 38. gxf4 Bd4 39. Qb7+ Kh8 40. Qc8+ {
/\ 41.Qd7}) 38. Qf3 g5 39. Rf5 1-0

[Event "Legion-AdW match"]
[Site "Warsaw"]
[Date "1988.06.10"]
[Round "1.1"]
[White "Filipowicz, Andrzej"]
[Black "Moehring, Guenther"]
[Result "1/2-1/2"]
[WhiteElo "2410"]
[BlackElo "2395"]
[Annotator "Moehring,G"]
[PlyCount "58"]
[EventDate "1988.06.10"]
[EventType "team"]
[EventRounds "2"]
[EventCountry "POL"]
[SourceTitle "EXT 2012"]
[Source "ChessBase"]
[SourceDate "2011.11.24"]
[SourceVersion "1"]
[SourceVersionDate "2011.11.24"]
[SourceQuality "1"]

1. c4 g6 2. Nc3 Bg7 3. g3 Nf6 4. Bg2 O-O 5. e4 c5 6. Nge2 Nc6 7. O-O d6 8. d3
Rb8 9. h3 a6 10. a4 Ne8 11. Be3 Nd4 12. Rb1 Bd7 13. b4 cxb4 14. Rxb4 Nxe2+ 15.
Nxe2 b5 16. axb5 axb5 17. Qb1 Nc7 18. Ba7 Rb7 (18... Ra8 19. Bb6 bxc4 20. Rxc4
Rb8 21. Rxc7 Qxc7 22. Bxc7 Rxb1 23. Rxb1) 19. Bd4 Bxd4 20. Nxd4 e5 21. Nxb5
Nxb5 22. cxb5 Qa5 23. d4 Rfb8 24. dxe5 dxe5 25. Rd1 Rxb5 26. Rxb5 Rxb5 27. Qc1
Be6 28. Qa1 Qb6 29. Qc3 Qc5 1/2-1/2

[Event "Corus"]
[Site "Wijk aan Zee"]
[Date "2005.01.18"]
[Round "4"]
[White "Ponomariov, Ruslan"]
[Black "Leko, Peter"]
[Result "1/2-1/2"]
[WhiteElo "2700"]
[BlackElo "2749"]
[Annotator "Mueller,Karsten"]
[PlyCount "88"]
[EventDate "2005.01.15"]
[EventType "tourn"]
[EventRounds "13"]
[EventCountry "NED"]
[EventCategory "19"]
[SourceTitle "CBM 105"]
[Source "ChessBase"]
[SourceDate "2005.04.11"]
[SourceVersion "1"]
[SourceVersionDate "2005.04.11"]
[SourceQuality "1"]

1. c4 c5 2. Nc3 g6 3. g3 Bg7 4. Bg2 Nc6 5. a3 d6 6. e3 e6 7. Nge2 Nge7 8. Nf4
Rb8 9. O-O O-O 10. Rb1 b6 11. d3 Bb7 12. Bd2 Ne5 13. e4 N7c6 14. Be1 Nd4 15.
Nh3 f5 16. f4 Ng4 17. Bd2 Qd7 18. Nf2 Nxf2 19. Rxf2 a6 20. a4 Ba8 21. Ra1 Bc6
22. Kh1 Qb7 23. g4 b5 24. axb5 axb5 25. cxb5 Nxb5 26. gxf5 exf5 27. Nxb5 Qxb5
28. Bc3 Bxc3 29. bxc3 fxe4 30. dxe4 Qc4 31. Qxd6 Bxe4 32. Bxe4 Qxe4+ 33. Kg1
Rb1+ 34. Rxb1 Qxb1+ 35. Rf1 Qf5 36. Qc6 Kg7 37. Qf3 Rd8 38. Re1 Rd3 39. Re3 {
Überraschenderweise kann Schwarz aus seiner überlegenen Struktur und Aktivität
kein rechtes Kapital schlagen:} Rd2 (39... c4 $5 40. Kf2 Rd2+ 41. Kg3 Qb1 42.
h3 Qg1+ 43. Kh4 $11) 40. Re2 Rxe2 41. Qxe2 Kf6 42. Qa6+ Qe6 43. Qxe6+ Kxe6 44.
Kf2 Kf5 ({Auch} 44... Kd5 {bringt letztlich nichts:} 45. Ke3 Kc4 46. Kd2 Kb3
47. Kd3 h6 48. h3 h5 49. h4 Kb2 50. Kc4 Kc2 51. Kxc5 Kxc3 52. Kd5 Kd3 53. Ke5
Ke3 54. f5 gxf5 55. Kxf5 Kd4 56. Kg5 Ke5 57. Kxh5 Kf6 $11) 1/2-1/2